000 00660nam a22002173 4500
001 18219
003 BD-RjUL
005 20211209000243.0
008 140220s1963 enk 001 0 und d
035 _a(BD-RjUL)18277
040 _aEQO
_cEQO
_beng
_dBD-RjUL
041 _aeng
082 _223
_a778.31
_bSHP 1963
100 1 _aShillaber, Charles Patten,
_d1886-
_956084
245 1 0 _aPhotomicrography in theory and practice /
_cCharles Patten Shillaber.
260 _aNew York :
_bJohn wiley & sons,
_c1963.
300 _aviii ,773 p. :
_bill, ;
_c22 cm.
650 _aPhotomicrography.
_9235864
651 _aPhotomicrographie.
_9235865
942 _2ddc
_cBK
999 _c18219
_d18219